000 00600nam a2200217Ia 4500
005 20250923145410.0
008 008 250917s9999 xx 000 0 eng d
037 _aTextual
040 _aDSWL
_beng
_cDSWL
041 _aeng
_2eng
084 _a031, N61
_qDSWL
100 _aJesudasan, C.
_9834897
245 0 _aHistory of Tamil literature
_c by C. Jesudasan
260 _aCalcutta
_bYMCA Pub. House
_c1961
300 _axiv,305p.
365 _aINR
_b3 . 0
700 _a H. Jesudasan
_9834898
925 _g3 . 0
942 _cTEXL
_h031, N61
999 _c1450897
_d1450897